000 00706nam a2200241Ia 4500
003 OSt
005 20221007063436.0
006 a|||||r|||| 00| 0
007 ta
008 221006b |||||||| |||| 00| 0 eng d
024 _a26,860
037 _cTextual
040 _aFLL
_cFLL
_beng
041 _2eng
_aeng
082 _aX72991:Z73y7, K1
100 _aWarren William C.
_9345434
245 0 _aFederal estate and gift taxation
260 _aBrooklyn
_bThe Foundation Press, Inc.
_c1961
300 _axii,xxviii,1063p
_ccm.
700 _a Surrey Stanley S.
_9684271
942 _hX72991:Z73y7, K1
_cTEXL
_2CC
999 _c1131251
_d1131251